Anatomie du coeur humain - Statistiques

Statistiques générales
  • Ce quiz a été pris 3 267 fois
  • Le résultat moyen est 8 sur 20
Réponses sur la Carte
Les réponses sont colorées sur une échelle allant du rouge au vert en fonction du pourcentage des utilisateurs qui les ont devinées à leur premier essai. Vous pouvez retrouver ces pourcentages ci-dessous.
 
Statistiques - réponses
Parties du coeur % Correct
Aorte
90%
Ventricule gauche
84%
Ventricule droit
83%
Oreillette droite
68%
Oreillette gauche
68%
Artère pulmonaire droite
55%
Artère pulmonaire gauche
55%
Veines pulmonaires droites
53%
Veines pulmonaires gauches
53%
Veine cave supérieure
44%
Veine cave inférieure
43%
Noeud sinusal
20%
Tronc pulmonaire
19%
Noeud auriculoventriculaire
8%
Valve auriculoventriculaire droite
7%
Valve auriculoventriculaire gauche
7%
Valve de l'aorte
3%
Branches du faisceau auriculoventriculaire
2%
Valve du tronc pulmonaire
2%
Myofibres de conduction cardiaque
1%
Aucun quiz correspondant
Distribution des résultats
% des personnes avec chaque résultat
Percentile par nombre de réponses
Votre historique - résultats
Vous n’avez pas pris ce quiz